000 01968nam0a2200373 4500
001 RU\NLR\BIBL_A\022674352
005 20260331145603.0
010 _a978-5-91292-558-0
_91000
021 _aRU
_bКН-П-25-061586
_9КН-П-25-5951
035 _a(NLR Aleph) 022674352
090 _a13646827
_c13646827
100 _a20251128d2025 k y0rusy50 ca
101 0 _arus
102 _aRU
105 _aah z 000yy
181 0 _ai3
_baxxe
182 0 _an
200 1 _aПарадигмы ценностных установок и ценностного сознания в казахстанском обществе: тренды, динамика, перспективы
_eколлективная монография
_f[Сейтахметова Наталья Львовна, Бурова Елена Евгениевна, Коянбаева Гульнара Ромсеитовна и др.]
_gпод общей редакцией А. Т. Кулсариевой, Е. А. Бурибаева
203 _aТекст
_bвизуальный
_cнепосредственный
210 _aМосква
_cПервое экономическое изд-во
_d2025
215 _a307 с.
_cил., цв. ил., факс., табл.
_d22
300 _aАвт. указаны перед гл.
320 _aБиблиогр. в конце гл.
607 _aКазахстан, Республика
_xНаселение
_xОриентации ценностные
_2nlr_sh2
_3RU\NLR\AUTH\6601768491
686 1 _aС550.25
686 1 _aС550.65
701 1 _aСейтахметова
_bН. Л.
_gНаталья Львовна
701 1 _aБурова
_bЕ. Е.
_gЕлена Евгениевна
701 1 _aКоянбаева
_bГ. Р.
_gГульнара Ромсеитовна
702 1 _aКулсариева
_bА. Т.
_gАктолкын Турлукановна
_4340
942 _cBOOK
980 _aNB